000 00400pab a2200169 454500
008 180718b2001 xxu||||| |||| 00| 0 eng d
100 _aDhondy, Farrukh
245 _aChildren of a distorted world
260 _c2001
300 _ap.12
362 _a11 Jan
650 _aChild welfare - India
650 _aChild abuse - India
650 _aChild abuse
773 _aAsian Age
909 _a48722
999 _c48722
_d48722